000 01087 a2200205 4500
001 29640
005 20260407155606.0
008 260407a1955 arg spa d
003 AR-UNSa-BCEJYS
040 _aAR-UNSa-BCEJYS
_bspa
_cAR-UNSa-BCEJYS
080 _a657.36
_xBalances de comprobación (balance estimativo). Balances de saldo. Balance intermedio
245 1 0 _aAnálisis e interpretación de balances
250 _a4a. ed
264 1 _aBuenos Aires :
_bPrometeo Libros
_c1955
300 _a237 p.
_c22 cm.
505 _a1. El análisis de balances - 2. Metodología de análisis - 3. Clasificación de cuentas. Tipificación de balances - 4. Análisis patrimonial - 5. Análisis de la solvencia - 6. Análisis de las inmovilizaciones - 7. Análisis de los bienes nominales y cargos diferidos - 8. Análisis de rendimiento - 9. Relación entre el balance y el estado demostrativo de ganancias y pérdidas - 10. Ponderación general de índices - 11. Bases para redactar los informes
942 _cBK
590 _aniveau_biblio:m niveau_hierar:0
100 1 _aCholvis, Francisco
999 _c1919
_d1919